| 000 | 00409 a2200157 4500 | ||
|---|---|---|---|
| 999 |
_c12793 _d12793 |
||
| 003 | OSt | ||
| 005 | 20240716164343.0 | ||
| 008 | 240716b ||||| |||| 00| 0 eng d | ||
| 020 | _a 9781940743950 | ||
| 082 | _a307.1216 BUS | ||
| 100 | _a Joan Busquets, Dingliang Yang and Michael Keller | ||
| 245 | _aUrban Grids: Handbook for Regular City Design | ||
| 260 | _c2019 | ||
| 300 | _a680p; | ||
| 942 | _2ddc | ||